| 000 | 00545nam a2200193Ia 4500 | ||
|---|---|---|---|
| 008 | 151121s9999||||xx |||||||||||||| ||und|| | ||
| 082 | _a811/बागवे | ||
| 082 | _bHNW-44291 | ||
| 100 | _aबागवे अशोक | ||
| 245 | _aआलम | ||
| 260 | _b"माज प्रकाशन गृह गिरगांव, मुंबई" | ||
| 260 | _c-- | ||
| 300 | _a81 | ||
| 600 | _aबागवे अशोक | ||
| 630 | _aआलम | ||
| 700 | _aबागवे अशोक | ||
| 730 | _aआलम | ||
| 942 | _cBOOK | ||
| 999 |
_c1232018 _d1232015 |
||